Histoire de France
Gespeichert in:
| Hauptverfasser: | , |
|---|---|
| Format: | Buch |
| Sprache: | Französisch |
| Veröffentlicht: |
París
Larousse
1954
|
| Schlagworte: | |
| Tags: |
Tag hinzufügen
Keine Tags, Fügen Sie den ersten Tag hinzu!
|
MARC
| LEADER | 00000nam a2200000 a 4500 | ||
|---|---|---|---|
| 001 | UCO0846 | ||
| 003 | CL-VaPUC | ||
| 008 | 000428e19540000FR |||||||||||||||||fre|d | ||
| 082 | 0 | 4 | |a 944 |b REI |2 21 |
| 100 | 0 | |a Reinhard, Marcel |e author |9 442411 | |
| 700 | 0 | |a Dufourcq, Norbert |e author |9 442412 | |
| 245 | 1 | 0 | |a Histoire de France |
| 300 | |a 2 v | ||
| 942 | |c BK | ||
| 945 | |d 20000428 00:00:00 |a rherrera | ||
| 260 | |a París |b Larousse |c 1954 | ||
| 500 | |a v.1: Des Origines à 1715 | ||
| 500 | |a v.2: De 1717 a 1946 | ||
| 600 | 0 | 7 | |a LUIS XV |2 CL-VaPUC |9 401082 |
| 600 | 0 | |a Bonaparte, Napoleón |9 317802 | |
| 650 | 0 | |a Historia de Francia |9 336927 | |
| 650 | 0 | |a Geografía histórica |9 267532 | |
| 650 | 7 | |a FEUDALSIMO FRANCES |2 CL-VaPUC |9 442413 | |
| 650 | 7 | |a MONARQUIA FRANCESA |2 CL-VaPUC |9 434624 | |
| 650 | 0 | |a Historia moderna |9 268036 | |
| 650 | 0 | |a Revolución francesa |9 324244 | |
| 650 | 7 | |a MONARQUIA CONSTITUCIONAL |2 CL-VaPUC |9 377747 | |
| 650 | 7 | |a IMPERIO FRANCES |2 CL-VaPUC |9 442384 | |
| 650 | 7 | |a REPUBLICA FRANCESA |2 CL-VaPUC |9 442414 | |
| 651 | 0 | |a Francia |9 255157 | |
| 583 | |a last modification |c 20160912 03:51:16 |k Rodrigo Vera | ||
| 999 | |c 287492 |d 287490 | ||
| 952 | |0 0 |1 0 |4 0 |6 944_000000000000000_REI_1954 |7 0 |8 X |9 334371 |a BIBHIS |b BIBHIS |d 2019-11-20 |h v.1 |i 1267043 |o 944 REI 1954 |p 1267043 |r 2024-01-30 |w 2019-11-20 |y BK_X |k HIS | ||
| 952 | |0 0 |1 0 |4 0 |6 944_000000000000000_REI_1954 |7 0 |8 X |9 334372 |a BIBHIS |b BIBHIS |d 2019-11-20 |h v.2 |i 1267051 |o 944 REI 1954 |p 1267051 |r 2024-01-30 |w 2019-11-20 |y BK_X |k HIS | ||